|
|
|
|
| LEADER |
00000cam a22000004a 4500 |
| 001 |
musev2_24314 |
| 003 |
MdBmJHUP |
| 005 |
20230905042607.0 |
| 006 |
m o d |
| 007 |
cr||||||||nn|n |
| 008 |
141015t20112011ilu o 00 0 eng d |
| 020 |
|
|
|a 9781501756870
|
| 020 |
|
|
|z 9781609090166
|
| 020 |
|
|
|z 9780875804354
|
| 035 |
|
|
|a (OCoLC)747306215
|
| 040 |
|
|
|a MdBmJHUP
|c MdBmJHUP
|
| 100 |
1 |
|
|a Jividen, Jason R.,
|e author.
|
| 245 |
1 |
0 |
|a Claiming Lincoln :
|b Progressivism, Equality, and the Battle for Lincoln's Legacy in Presidential Rhetoric /
|c Jason R. Jividen ; Shaun Allshouse, design.
|
| 264 |
|
1 |
|a DeKalb, Illinois :
|b Northern Illinois University Press,
|c 2011.
|
| 264 |
|
3 |
|a Baltimore, Md. :
|b Project MUSE,
|c 2014
|
| 264 |
|
4 |
|c ©2011.
|
| 300 |
|
|
|a 1 online resource (243 pages).
|
| 336 |
|
|
|a text
|b txt
|2 rdacontent
|
| 337 |
|
|
|a computer
|b c
|2 rdamedia
|
| 338 |
|
|
|a online resource
|b cr
|2 rdacarrier
|
| 505 |
0 |
|
|a Lincoln and the idea of equality -- Theodore Roosevelt's Lincoln -- Woodrow Wilson's Lincoln -- Franklin Roosevelt's Lincoln -- Lyndon Johnson's Lincoln -- Barack Obama's Lincoln.
|
| 546 |
|
|
|a English.
|
| 588 |
|
|
|a Description based on print version record.
|
| 600 |
1 |
7 |
|a Lincoln, Abraham,
|d 1809-1865.
|2 fast
|0 (OCoLC)fst00030184
|
| 600 |
1 |
0 |
|a Lincoln, Abraham,
|d 1809-1865
|x Influence.
|
| 650 |
|
7 |
|a Rhetoric
|x Political aspects.
|2 fast
|0 (OCoLC)fst01096959
|
| 650 |
|
7 |
|a Presidents
|x Language.
|2 fast
|0 (OCoLC)fst01075777
|
| 650 |
|
7 |
|a Presidents.
|2 fast
|0 (OCoLC)fst01075723
|
| 650 |
|
7 |
|a Political oratory.
|2 fast
|0 (OCoLC)fst01069380
|
| 650 |
|
7 |
|a Influence (Literary, artistic, etc.)
|2 fast
|0 (OCoLC)fst00972484
|
| 650 |
|
6 |
|a Éloquence politique
|z États-Unis
|x Histoire.
|
| 650 |
|
6 |
|a Discours politique
|z États-Unis
|x Histoire.
|
| 650 |
|
6 |
|a Presidents
|z États-Unis
|x Histoire.
|
| 650 |
|
0 |
|a Political oratory
|z United States
|x History.
|
| 650 |
|
0 |
|a Rhetoric
|x Political aspects
|z United States
|x History.
|
| 650 |
|
0 |
|a Presidents
|z United States
|x Language
|x History.
|
| 650 |
|
0 |
|a Presidents
|z United States
|x History.
|
| 651 |
|
7 |
|a United States.
|2 fast
|0 (OCoLC)fst01204155
|
| 655 |
|
7 |
|a History.
|2 fast
|0 (OCoLC)fst01411628
|
| 655 |
|
0 |
|a Electronic book.
|
| 655 |
|
7 |
|a Electronic books.
|2 local
|
| 700 |
1 |
|
|a Allshouse, Shaun,
|e designer.
|
| 710 |
2 |
|
|a Project Muse.
|e distributor
|
| 830 |
|
0 |
|a Book collections on Project MUSE.
|
| 856 |
4 |
0 |
|z Texto completo
|u https://projectmuse.uam.elogim.com/book/24314/
|
| 945 |
|
|
|a Project MUSE - Custom Collection
|
| 945 |
|
|
|a Project MUSE - Archive Complete Supplement II
|
| 945 |
|
|
|a Project MUSE - Archive History Supplement II
|